Statistiche per Paesi con I nomi di una sola parola più lunghi • A-Z

Clicka qui per fare il quiz!

Statistiche generali

  • Questo quiz è stato fatto 467 volte
  • Il punteggio medio è 14 su 23

Statistiche sulle risposte

A-ZLetterePaesiA-Z% Corretto
A11Afghanistan / AzerbaigianA
87%
Y5YemenY
80%
O4OmanO
79%
Q5QatarQ
78%
E7Ecuador / Estonia / Eritrea / EtiopiaE
77%
F9Finlandia / FilippineF
76%
H8HondurasH
74%
D9DanimarcaD
72%
Z8ZimbabweZ
71%
U10UzbekistanU
67%
M10Madagascar / Mauritania / Micronesia / MontenegroM
66%
K12KirghizistanK
62%
I9IndonesiaI
60%
T12TurkmenistanT
59%
G9Guatemala / GiordianiaG
58%
B11BielorussiaB
55%
V9VenezuelaV
55%
C8Cambogia / ColombiaC
54%
L13LiechtensteinL
47%
N9NicaraguaN
43%
R7RomaniaR
41%
P10PortogalloP
39%
S10Seychelles / SlovacchiaS
31%

Distribuzione punteggi

Percentile per numero di risposta

Percentuale di utenti per punteggio

I tuoi punteggi nel tempo

Non hai fatto questo quiz